<?xml version="1.0" encoding="UTF-8"?>
<record
    xmlns:xsi="http://www.w3.org/2001/XMLSchema-instance"
    xsi:schemaLocation="http://www.loc.gov/MARC21/slim http://www.loc.gov/standards/marcxml/schema/MARC21slim.xsd"
    xmlns="http://www.loc.gov/MARC21/slim">

  <leader>02724nam a22003017a 4500</leader>
  <controlfield tag="003">OSt</controlfield>
  <controlfield tag="005">20240712124030.0</controlfield>
  <controlfield tag="008">240426s2011    xu     er     000 0 spa d</controlfield>
  <datafield tag="020" ind1=" " ind2=" ">
    <subfield code="a">9781575548807</subfield>
  </datafield>
  <datafield tag="037" ind1=" " ind2=" ">
    <subfield code="b">Donaci&#xF3;n</subfield>
  </datafield>
  <datafield tag="040" ind1=" " ind2=" ">
    <subfield code="a">CO-JMCR</subfield>
    <subfield code="b">spa</subfield>
    <subfield code="c">CO-JMCR</subfield>
    <subfield code="d">CO-JMCR</subfield>
    <subfield code="e">rda</subfield>
  </datafield>
  <datafield tag="041" ind1="1" ind2=" ">
    <subfield code="a">spa</subfield>
    <subfield code="h">eng</subfield>
  </datafield>
  <datafield tag="082" ind1="0" ind2="4">
    <subfield code="2">23</subfield>
    <subfield code="a">282.09</subfield>
    <subfield code="b">W58e</subfield>
  </datafield>
  <datafield tag="100" ind1="1" ind2=" ">
    <subfield code="a">White, Ellen G.,</subfield>
    <subfield code="d">1827-1915</subfield>
    <subfield code="e">autor</subfield>
    <subfield code="9">43660</subfield>
  </datafield>
  <datafield tag="245" ind1="1" ind2="3">
    <subfield code="a">El conflicto de los siglos / </subfield>
    <subfield code="c">Ellen G. White.</subfield>
  </datafield>
  <datafield tag="246" ind1=" " ind2="1">
    <subfield code="a">The Great Controversy / </subfield>
  </datafield>
  <datafield tag="250" ind1=" " ind2=" ">
    <subfield code="a">Segunda edici&#xF3;n.</subfield>
  </datafield>
  <datafield tag="260" ind1=" " ind2=" ">
    <subfield code="a">Florida : </subfield>
    <subfield code="b">APIA , </subfield>
    <subfield code="c">2011</subfield>
  </datafield>
  <datafield tag="300" ind1=" " ind2=" ">
    <subfield code="a">671 p&#xE1;ginas ; </subfield>
    <subfield code="c">20 cm.</subfield>
  </datafield>
  <datafield tag="501" ind1=" " ind2=" ">
    <subfield code="a">Con: Prefacio</subfield>
  </datafield>
  <datafield tag="501" ind1=" " ind2=" ">
    <subfield code="a">Con: Ap&#xE9;ndice</subfield>
  </datafield>
  <datafield tag="505" ind1="0" ind2=" ">
    <subfield code="a">El destino del mundo predicho -- La fe de los m&#xE1;rtires -- Una era de tinieblas espirituales -- Fieles porta antorchas -- El lucero de la Reforma -- Dos h&#xE9;roes de la Edad Media -- En la encrucijada de los caminos -- Un campe&#xF3;n de la verdad -- Se enciende una luz en Suiza --  Progresos de la reforma -- La protesta de los pr&#xED;ncipes -- La reforma en Francia -- El despertar de Espa&#xF1;a -- En los pa&#xED;ses Bajos y Escandinavia -- La verdad progresa en Inglaterra -- La Biblia y la revoluci&#xF3;n francesa -- Am&#xE9;rica, tierra de libertad -- Heraldos de una nueva era -- Una profec&#xED;a significativa -- Luz a trav&#xE9;s de las tinieblas -- Un gran despertar religioso -- Una amonestaci&#xF3;n rechazada -- Profec&#xED;as cumplidas -- El templo de Dios -- Jesucristo nuestro abogado -- Los Estados Unidos en la profec&#xED;a -- Una obra de reforma -- La verdadera conversi&#xF3;n es esencial -- El juicio investigador -- El origen del mal y del dolor -- El peor enemigo del hombre -- &#xBF; Qui&#xE9;nes son los &#xE1;ngeles? -- Las asechanzas del enemigo -- El misterio de la inmortalidad -- &#xBF;Pueden hablarnos nuestros muertos? -- La libertad de conciencia amenazada -- El conflicto inminente -- Nuestra &#xFA;nica salvaguardia -- El mensaje final de Dios -- El tiempo de angustia -- La liberaci&#xF3;n del pueblo de Dios -- La desolaci&#xF3;n de la tierra -- El fin del conflicto.</subfield>
  </datafield>
  <datafield tag="520" ind1="3" ind2=" ">
    <subfield code="a">Nadie puede vivir ajeno a la gran controversia c&#xF3;smica que se inici&#xF3; all&#xE1; en la noche de los tiempos, y de la que todos de alg&#xFA;n modo sufrimos las consecuencias. Somos adem&#xE1;s los protagonistas directos de ella. aqu&#xED; no cabe ni la inhibici&#xF3;n ni la neutralidad. Conocer la verdadera naturaleza y la situaci&#xF3;n actual del conflicto nos permitir&#xE1; tomar la posici&#xF3;n correcta y encontrar sentido a todas las contradicciones y paradojas que vemos en la naturaleza, en la sociedad y en nuestro propio interior. </subfield>
  </datafield>
  <datafield tag="650" ind1="1" ind2="4">
    <subfield code="2">JMCR</subfield>
    <subfield code="a">Historia del cristianismo </subfield>
    <subfield code="x">Conflicto </subfield>
    <subfield code="9">43661</subfield>
  </datafield>
  <datafield tag="650" ind1="2" ind2="4">
    <subfield code="2">JMCR</subfield>
    <subfield code="a">Historia</subfield>
    <subfield code="v">Crisis sociales</subfield>
    <subfield code="9">43662</subfield>
  </datafield>
  <datafield tag="650" ind1="3" ind2="4">
    <subfield code="2">JMCR</subfield>
    <subfield code="a">Corrupci&#xF3;n </subfield>
    <subfield code="9">2874</subfield>
  </datafield>
  <datafield tag="942" ind1=" " ind2=" ">
    <subfield code="2">ddc</subfield>
    <subfield code="c">BK</subfield>
  </datafield>
  <datafield tag="999" ind1=" " ind2=" ">
    <subfield code="c">30749</subfield>
    <subfield code="d">17133</subfield>
  </datafield>
  <datafield tag="952" ind1=" " ind2=" ">
    <subfield code="0">0</subfield>
    <subfield code="1">0</subfield>
    <subfield code="2">ddc</subfield>
    <subfield code="4">0</subfield>
    <subfield code="7">0</subfield>
    <subfield code="8">NFIC</subfield>
    <subfield code="a">CPL</subfield>
    <subfield code="b">CPL</subfield>
    <subfield code="c">GEN</subfield>
    <subfield code="d">2023-11-02</subfield>
    <subfield code="l">2</subfield>
    <subfield code="o">282.09 W58c</subfield>
    <subfield code="p">201812295</subfield>
    <subfield code="r">2026-04-14 15:42:38</subfield>
    <subfield code="s">2026-04-14</subfield>
    <subfield code="t">Ej.1</subfield>
    <subfield code="w">2024-04-26</subfield>
    <subfield code="y">BK</subfield>
  </datafield>
</record>
